Problemas de estática /

Guardado en:
Detalles Bibliográficos
Formato: Libro
Idioma:Español
Publicado: Valencia, España : Universidad Politécnica de Valencia, 1989, c1989
Temas:
Etiquetas: Agrega una etiqueta
Sin etiquetas, Sé el primero en etiquetar este registro!

MARC

LEADER 00000nam^a2200000^a^4500
001 000052507
005 20250521000000.0
009 20260310090358.206
020 |a 84-7721-101-9 
037 |a Acervo ITESO - Biblioteca 
041 |a ESP 
082 |a 531. 112  |b PRO 
245 1 0 |a Problemas de estática /  |c H. Estellés... [et al.]. 
264 4 |a Valencia, España :  |b Universidad Politécnica de Valencia,  |c 1989, c1989 
300 |a 570 p. 
336 |a texto  |b txt  |2 rdacontenido 
337 |a sin mediación  |b n  |2 rdamedio 
338 |a volumen  |b nc  |2 rdasoporte 
649 |a XX 
650 |a Vectores 
650 |a Estática 
650 |a Cinemática 
650 |a Cálculo Estructural 
650 |a Diseño Estructural 
650 |a Estructuras 
650 |a Física 
650 |a Ingeniería Civil 
910 |a Fondo General 
920 |a Impresos - Libros 
930 |a Colección General 
905 |a 101 
901 |a 0500010048  |b IT1  |c ACC  |u 20250521 
902 |a https://opac.biblio.iteso.mx/vufind/Record/000052507